056_ Personnalités nées un 25 février par images - Statistiques

Statistiques générales
  • Ce quiz a été pris 22 fois
  • Le résultat moyen est 2 sur 9
Statistiques - réponses
Par images Hint Réponse % Correct
Humoriste Régis Laspalès
64%
Chanteur Herbert Léonard
41%
Chanteur George Harrison
27%
Footballeur Matveï Safonov
27%
Peintre Auguste Renoir
14%
Militaire José de San Martin
5%
Kayakiste Birgit Fisher
0%
Ingénieur Nicolas Joseph Cugnot
0%
Acteur Zeppo Marx
0%
Aucun quiz correspondant
Distribution des résultats
% des personnes avec chaque résultat
Percentile par nombre de réponses
Votre historique - résultats
Vous n’avez pas pris ce quiz